000 00457nam a2200181Ia 4500
001 19284
003 IN-NITTTR
005 20251114233223.0
008 251113s9999||||xx |||||||||||||| ||eng||
040 _beng
040 _cIN-NITTTR
041 _aeng
082 _a683.88 F698I
100 _aFoley, Gerald
245 0 _aImproved cooking stoves in developing countries /
_cFoley, Gerald, Moss, Patricia
700 _a Moss, Patricia
942 _2ddc
_cBK
999 _c21918
_d21918